Welcome to the Holygrace Academy Library

Please use search bar below to get started

THE AVATARI (Record no. 3275)

MARC details
000 -LEADER
fixed length control field 00613nam a22001457a 4500
020 ## - INTERNATIONAL STANDARD BOOK NUMBER
ISBN 978-93-5009-574-4
082 ## - DEWEY DECIMAL CLASSIFICATION NUMBER
Classification number 823
Item number SRI/A
100 ## - MAIN ENTRY--AUTHOR NAME
Personal name SRINIVASAN,RAGHU
245 ## - TITLE STATEMENT
Title THE AVATARI
260 ## - PUBLICATION, DISTRIBUTION, ETC. (IMPRINT)
Place of publication INDIA
Name of publisher HACHETTE
300 ## - PHYSICAL DESCRIPTION
Number of Pages 500
520 ## - SUMMARY, ETC.
Summary, etc It is the story of Henry Ashton, a retired British Army officer, who is pulled into a search for “hidden treasure” upon a request from a monk from a Laotian monastery. They are after an ancient secret, one which is said to be safeguarded at the legendary Shambhala, a sacred mountain supposed to be in Tibet.
650 ## - SUBJECT ADDED ENTRY--TOPICAL TERM
Topical Term ENGLISH NOVEL
Geographic subdivision INDIA
942 ## - ADDED ENTRY ELEMENTS (KOHA)
Koha item type Books
Holdings
Withdrawn status Lost status Collection code Home library Current library Shelving location Date acquired Source of acquisition Full call number Accession Number Koha item type
    Fiction Main Library Main Library SHELF 2-J-ENGLISH NOVELS FOR TEACHERS 25/09/2014 PURCHASE 823 SRI/A 08453 Books